000 00348nam a2200133Ia 4500
008 151213s9999 xx 000 0 und d
245 _aSAS / STAT Users Guide . Volume - 2 , GLM - Var comp Version - 6
250 _a4th
260 _aU S A
_bSAS Institution
_c1994
300 _a2999 p.
650 _aComputer
650 _aComputer
999 _c2086
_d2086